KOHA-Header-6

تفہیم البشر (Record no. 13466)

000 -LEADER
fixed length control field 00241nam a22001097a 4500
082 ## - DEWEY DECIMAL CLASSIFICATION NUMBER
Classification number 297.09
100 ## - MAIN ENTRY--AUTHOR NAME
Personal name ڈاکٹر محمّد الطاف طاہر
245 ## - TITLE STATEMENT
Title تفہیم البشر
260 ## - PUBLICATION, DISTRIBUTION, ETC. (IMPRINT)
Year of publication 2015
300 ## - PHYSICAL DESCRIPTION
Number of Pages 326 pages
942 ## - ADDED ENTRY ELEMENTS (KOHA)
Koha item type Books
Holdings
Withdrawn status Lost status Collection code Permanent Location Current Location Shelving location Date acquired Full call number Accession Number Koha item type
    Islamic Studies MAJU MAJU Shelf No.A-9 2022-11-24 297.09 10544 Books

Powered by Koha